[Event "Douglas IoM op"]
[Site "Douglas"]
[Date "2017.09.29"]
[Round "7"]
[White "Caruana, Fabiano"]
[Black "Jones, Gawain C B"]
[Result "1-0"]
[WhiteElo "2799"]
[BlackElo "2668"]
[Annotator "Szabo,Kr"]
[PlyCount "63"]
[EventDate "2017.09.23"]
[EventType "swiss"]
[EventRounds "9"]
[EventCountry "IOM"]
[SourceTitle "CBM 181"]
[Source "ChessBase"]
[SourceDate "2017.11.10"]
[SourceVersion "1"]
[SourceVersionDate "2017.11.10"]
[SourceQuality "1"]

1. e4 e5 2. Nf3 Nc6 3. Bb5 a6 4. Ba4 Nf6 5. O-O b5 6. Bb3 Bc5 7. c3 d6 8. a4
Rb8 9. d4 Bb6 10. a5 Ba7 11. h3 O-O 12. Be3 Ra8 13. Re1 h6 (13... Bb7 {is the
other move.}) 14. Nbd2 exd4 ({In the next round Caruana also played this
against Carlsen,} 14... Re8 15. g4 $5 Qe7 16. Nf1 Nd8 17. Ng3 c5 18. Qd2 c4 19.
Bc2 Nh7 20. b4 cxb3 21. Bxb3 Be6 22. Bc2 Rc8 23. Bd3 Nb7 $132 {Caruana-Carlsen,
Douglas 2017, with a double-edged fight which Black later managed to win.}) 15.
cxd4 Nb4 16. e5 ({1 month ago Grandelius played} 16. d5 {against Jones,} Bxe3
17. Rxe3 c5 18. dxc6 Nxc6 19. e5 Nxe5 20. Nxe5 dxe5 21. Rxe5 Ra7 22. Qe2 Rd7
23. Ne4 Nxe4 24. Qxe4 Rd4 25. Qc6 Qd6 26. Qxd6 Rxd6 $11 {Grandelius-Jones,
Linares 2017, with an equal position.}) 16... Nfd5 17. Ne4 Nxe3 (17... Bf5 $5 {
was the alternative choice.}) 18. Rxe3 Bb7 19. e6 Nd5 20. exf7+ Kh8 (20... Rxf7
$5 {was another option,} 21. Nfg5 $1 hxg5 22. Qh5 Bxd4 23. Rd3 $1 (23. Nxg5 {
leads to a draw,} g6 24. Qxg6+ Rg7 25. Qe6+ Kh8 26. Qh6+ Kg8 $11) 23... c5 24.
Nxg5 g6 25. Qxg6+ Rg7 26. Qe6+ Kf8 27. Bxd5 Bxd5 28. Qf5+ Bf6 29. Nh7+ Rxh7 30.
Qxh7 Bg8 $13 {with a complicated position.}) 21. Re1 Rxf7 22. Rc1 Rc8 23. Nfg5
$1 {A very nice tactical move! White opens the diagonal for his queen toward
the kingside.} Rf5 $2 {An error in reply!} (23... hxg5 $2 {loses immediately,
because of} 24. Qh5+ Kg8 25. Nxg5 g6 26. Nxf7 gxh5 27. Nxd8 Rxd8 28. Rxc7 $18 {
and White wins.}) (23... Re7 $1 {was still the best,} 24. Qg4 $1 (24. Qh5 Qe8)
24... Qf8 (24... Qd7 $2 {is bad, as} 25. Qxd7 Rxd7 26. Nxd6 $1 $18 {This is
the point! White is winning.}) ({or} 24... Qe8 25. Kh2 $3 $40 {What a
wonderful prophylactic move! Now White is threatening Nxd6 and ...Rxe1 is not
with check!}) 25. Ne6 Qe8 26. Ng3 $36 {with a strong initiative.}) 24. Ne6 $1
$18 Qd7 25. Qg4 $1 {Another strong reply!} Qf7 (25... Qxe6 26. Ng3 $18 {
is also bad for Black.}) 26. Rxc7 $1 {White completely crushes Black's
position!} Rxc7 (26... Nxc7 27. Nxd6 $18 {is also losing for Black.}) 27. Nxd6
Rxf2 28. Nxc7 (28. Nxf7+ {was also winning,} Rcxf7 29. Qg3 $18) 28... Qf6 29.
Nxd5 Qxd4 30. Qxd4 Bxd4 31. Re4 Ba7 32. Nb6 {Great victory by Caruana!} 1-0

[Event "Tata Steel-A 76th"]
[Site "Wijk aan Zee"]
[Date "2014.01.18"]
[Round "6"]
[White "Harikrishna, Pentala"]
[Black "Caruana, Fabiano"]
[Result "1/2-1/2"]
[WhiteElo "2706"]
[BlackElo "2782"]
[Annotator "Szabo,Kr"]
[PlyCount "263"]
[EventDate "2014.01.11"]
[EventType "tourn"]
[EventRounds "11"]
[EventCountry "NED"]
[EventCategory "20"]
[SourceTitle "CBM 159"]
[Source "ChessBase"]
[SourceDate "2014.03.17"]
[SourceVersion "1"]
[SourceVersionDate "2014.03.17"]
[SourceQuality "1"]

1. e4 e5 2. Nf3 Nc6 3. Bb5 a6 4. Ba4 Nf6 5. O-O b5 6. Bb3 Bc5 {This
Arkhangelsk variation is one of Caruana's favourite weapons.} 7. a4 Rb8 8. c3
d6 9. d4 Bb6 10. axb5 axb5 11. Na3 O-O 12. Nxb5 Bg4 {This is the main tabiya
position of this system. Black has sacrificed a P, but the f3N is in a
dangerous pin and Black has always some counterplay in the centre.} 13. Bc2 {
The B leaves the b-file, and protects the e4 P.} (13. Re1 {is also very
popular.}) 13... exd4 14. Nbxd4 Nxd4 15. cxd4 Bxf3 16. gxf3 Nh5 17. Kh1 (17.
Be3 {is also possible.}) 17... Qf6 18. Be3 Nf4 19. Ra4 Ne6 20. Rg1 Ra8 21. Rb4
Ba7 $146 {This was the first novelty in the game.} (21... Rfb8 {was tried by
Leko in 2005} 22. f4 c5 (22... Nxf4 $2 {is not working, because of} 23. e5 $1
Qh6 24. Be4 $18 {followed by Qf3.}) 23. e5 Qd8 {(Adams-Leko, Miskolc rapid (m/
3) 2005) and here:} 24. f5 $1 {was the strongest move} dxe5 (24... cxb4 25.
fxe6 Qh4 26. exf7+ Kf8 27. e6 $18) 25. dxc5 $1 Qxd1 26. Rxd1 Nxc5 27. Rd6 $18 {
and White is winning.}) 22. Rc4 (22. f4 {is transposing to the game.}) 22...
Bb6 23. Rb4 Ba7 24. f4 $1 {A typical reaction in this type of Arkhangelsk.} c5
({The f4 P is taboo, because of} 24... Nxf4 $2 25. e5 $1 $18 {and the f4 N
will be lose.}) 25. e5 Qe7 26. exd6 Qxd6 27. dxc5 Bxc5 28. Qxd6 ({Probably} 28.
Rc4 $1 {was more accurate} Qxd1 29. Rxd1 Bxe3 ({or} 29... Rfc8 30. Bxc5 Rxc5
31. Rxc5 Nxc5 32. b4 {is very unpleasant for Black.}) 30. fxe3 {and White's
endgame is very hopeful.}) 28... Bxd6 29. Re4 $14 {White has a comfortable
endgame. His has a passed P up and two Bs. On the other hand, Black's position
is solid, and White has double Ps on the kingside.} Rfc8 30. Bb1 g6 31. f5 Ng7
32. fxg6 hxg6 {It looks a big progress with White to exchange his double P,
but Black can hold easily the b P.} 33. Bd2 Rc5 34. Rh4 Rb8 35. b4 Rcb5 {
Suddenly Black wins the P, now White has to find some counterplay on the
kingside very quickly.} 36. Ba2 $1 {The right move. Harikrishna found the
weaknesses in Black's position, so still he is holding his advantage.} Bxb4 37.
Bf4 ({The computer suggests} 37. Be3 $142 {because he doesn't want to allow
Rb6 and Black is in trouble, how can he protect the g6 P.} Be7 38. Rf4 Rf5 39.
Rxf5 Nxf5 40. Rxg6+ Kf8 41. Ba7 $14 {with some pressure.}) 37... R8b6 38. Bc4
Rh5 39. Rhg4 Bc3 40. Be3 Rc6 $6 {A mistake, probably in time trouble.} (40...
Be5 $1 {was the correct reply,} 41. f4 Rb2 $1 {and draw immediately.}) 41. Rc1
$1 Rxc4 {The only chance.} 42. Rxc4 Be5 43. Rc8+ Kh7 44. Rf8 Rf5 45. Rc4 Ne6
46. Rh4+ Kg7 47. Re8 Bd6 48. Kg2 Bc5 49. Bxc5 Rg5+ 50. Kf1 Rxc5 51. Rg4 Rf5 {
Probably objectively this endgame should be a draw, but still it will be a
long torture for Black.} 52. Ra8 Nf4 53. Ra3 Kh6 54. h4 Kh5 55. f3 Kh6 {
Black tries to create some small weaknesses, but he can only hold himself.} 56.
Kf2 Kg7 57. Ra7 Nh5 58. Re4 Nf4 59. Rea4 Nh5 60. R7a5 Rf6 {Of course, Black
doesn't want to exchange the Rs, because after that the white K can go quickly
without any problem.} 61. Rg4 Kh6 62. Rb4 Kg7 63. Ra7 Rf5 64. Ke3 Nf6 65. Rba4
Rb5 66. Ra3 Rb2 67. R7a4 Rb5 68. Ra5 Rb4 69. R5a4 Rb5 70. Rc4 Rf5 71. Kf2 Rb5
72. Ra7 Nh5 73. Rcc7 Rf5 74. Rcb7 Nf4 75. Re7 Nd5 76. Re8 Nf6 77. Rb8 Nh5 78.
Rc8 Rf4 79. Rcc7 Rf5 80. Rd7 Nf4 81. Rd4 Nh5 82. Ke3 Re5+ 83. Re4 Rb5 84. Ree7
Rf5 85. Rad7 Kf8 86. Rb7 Kg7 87. Ra7 Kf8 88. Re4 Kg7 89. f4 Nf6 90. Rc4 Rh5 91.
Kf3 Ng8 92. f5 {Finally White sacrifices a P for the exchange of Rs, but that
is already an easy draw.} Rxf5+ 93. Rf4 Nh6 94. Rxf5 Nxf5 95. Kg4 Nd4 96. Kf4
Nf5 97. h5 Nh6 98. Kg5 gxh5 99. Kxh5 Nf5 100. Kg5 Nd4 101. Rd7 Ne6+ 102. Kf5
Nf8 103. Rd1 Ng6 104. Rg1 Kf8 105. Kf6 Ne7 106. Rd1 Ng8+ 107. Ke5 Ne7 108. Rd7
Ng8 109. Ra7 Kg7 110. Kd6 Nf6 111. Ra1 Kf8 112. Rg1 Ng8 113. Ke5 Ne7 114. Ra1
Kg7 115. Kd6 Ng8 116. Ra2 Kf8 117. Re2 Kg7 118. Ke5 Ne7 119. Rg2+ Kf8 120. Kf6
Ng8+ 121. Kg5 Kg7 122. Kh5+ Kh7 123. Rg1 Ne7 124. Rf1 Kg7 125. Re1 Ng8 126.
Rg1+ Kh7 127. Rg5 Ne7 128. Kg4 Ng6 129. Kf5 Kg7 130. Rg1 Kf8 131. Rxg6 fxg6+
132. Kxg6 1/2-1/2

[Event "USA-ch"]
[Site "Saint Louis"]
[Date "2016.04.20"]
[Round "6"]
[White "Caruana, Fabiano"]
[Black "Onischuk, Alexander"]
[Result "1-0"]
[WhiteElo "2795"]
[BlackElo "2664"]
[Annotator "Szabo,Kr"]
[PlyCount "55"]
[EventDate "2016.04.14"]
[EventType "tourn"]
[EventRounds "11"]
[EventCountry "USA"]
[EventCategory "17"]
[SourceTitle "CBM 172"]
[Source "ChessBase"]
[SourceDate "2016.05.12"]
[SourceVersion "1"]
[SourceVersionDate "2016.05.12"]
[SourceQuality "1"]

1. e4 e5 2. Nf3 Nc6 3. Bb5 a6 4. Ba4 Nf6 5. O-O Bc5 6. c3 b5 7. Bc2 d5 8. a4 {
Anand played this move for the first time in 2000 against Shirov.} ({2 days
later, So played} 8. d4 dxe4 9. Nxe5 Nxe5 10. dxc5 Nd3 11. Bg5 O-O 12. Nd2 Bb7
13. Qe2 Qd5 14. Bxf6 gxf6 15. Qe3 Rad8 16. f3 Qxc5 17. Qxc5 Nxc5 18. Nxe4 Bxe4
19. fxe4 Rd2 20. Rf2 Rfd8 $11 {So Wesley-Onischuk, Saint Louis 2016, with an
equal endgame.}) 8... dxe4 9. axb5 Bg4 10. bxc6 (10. Bxe4 {was chosen by Anand,
} Nxe4 11. bxc6 O-O (11... Nxf2 $5) 12. d4 exd4 13. cxd4 Bb6 14. Nc3 Re8 15.
Be3 Qd6 16. d5 Bxe3 17. fxe3 Rad8 18. Rxa6 Nxc3 19. bxc3 {(Anand-Shirov, New
Delhi/Teheran 2000)} Rxe3 $1 20. Qd4 Rxf3 $1 21. gxf3 Bh3 $132 {with a
double-edged fight.}) 10... exf3 11. gxf3 Be6 {Black sacrificed a P, because
he wanted to weaken White's kingside. However the fight is direct, so Black
has no time to attack White's K.} 12. Ra5 $1 Qd6 13. f4 $5 e4 (13... Bh3 $5 14.
Qf3 $1 Bxf1 15. fxe5 Qxe5 16. Kxf1 Qe7 17. d4 Bd6 18. Na3 O-O 19. Nc4 Rfe8 20.
Kg2 $36 {and White has a powerful position.}) 14. d4 exd3 15. Qxd3 O-O 16. Qxd6
Bxd6 17. Rd1 Bg4 $6 $146 {A tempting novelty, but this is an inaccuracy.} (
17... Rfe8 {was played in a correspondence game,} 18. Be3 Bg4 19. Rxd6 (19. Rd4
$5) 19... cxd6 20. Nd2 $44 {Voiculescu-Gavrilakis, ICCF 2009, with
compensation.}) 18. Rd4 $1 {The correct reply. d4 is a nice square for the R
and now White is ready for the development with Be3, Nd2.} Bf3 19. Ba4 Rfe8 20.
Be3 Ne4 ({In the event of} 20... Re4 21. Nd2 Rxd4 22. Bxd4 Be2 23. Be3 $16 {
and White is a healthy P up.}) ({Or} 20... Ng4 21. Nd2 Be2 22. Ne4 $16 {
is also promising for White.}) 21. Bd1 $1 {The right move. Thanks to ...Ne4,
the c6-P is already not hanging, so White can exchange the light-squared Bs.}
Bxd1 22. Rxd1 Rab8 23. Nd2 Rxb2 $2 {Loses, but Black's position was already
difficult.} (23... Nxd2 24. Rxd2 Re4 25. Rxa6 $16 {is also better for White.})
24. Nxe4 Rxe4 25. Re5 $3 $18 {This is the point of Caruana's 23th move!
Black's back rank is weak, so White can win with this nice tactical move!} Rxe3
(25... Rxe5 26. fxe5 Be7 27. Rd7 $18 {is also hopeless for Black.}) 26. fxe3
Rb8 27. Ra5 Kf8 28. c4 {A nice and flawless victory by Caruana!} 1-0

[Event "EU-chT (Men) 21st"]
[Site "Heraklion"]
[Date "2017.11.04"]
[Round "7.1"]
[White "Zhigalko, Sergei"]
[Black "Giri, Anish"]
[Result "0-1"]
[WhiteElo "2638"]
[BlackElo "2762"]
[Annotator "Szabo,Kr"]
[PlyCount "130"]
[EventDate "2017.10.28"]
[EventType "team-swiss"]
[EventRounds "9"]
[EventCountry "GRE"]
[SourceTitle "CBM 182"]
[Source "ChessBase"]
[SourceDate "2018.01.17"]
[SourceVersion "1"]
[SourceVersionDate "2018.01.17"]
[SourceQuality "1"]
[WhiteTeam "Belarus"]
[BlackTeam "Netherlands"]
[WhiteTeamCountry "BLR"]
[BlackTeamCountry "NED"]

1. e4 e5 2. Nf3 Nc6 3. Bb5 a6 4. Ba4 Nf6 5. O-O Bc5 6. d3 (6. c3 {is the most
common continuation.}) 6... b5 7. Bb3 d6 8. c3 h6 9. Re1 O-O 10. Nbd2 Ne7 11.
a4 $146 {The new move in the game. This is a typical move in the Archangelsk
System, because White would like to create a target on b5.} (11. Nf1 {is the
most straightforward continuation.}) 11... b4 (11... Rb8) ({and} 11... Bb7 {
are also natural replies.}) 12. d4 bxc3 13. bxc3 exd4 14. cxd4 Bb4 15. Re3 $5 {
An original idea to come with the rook to the 3rd rank.} (15. Ba3 {was also an
interesting option.}) 15... Ng6 16. h3 a5 17. Qc2 (17. e5 $5 {was more
ambitious,} dxe5 18. Nxe5 ({but not} 18. dxe5 Nd5 {.}) 18... Qxd4 19. Bb2 $1 {
What a smart move!} Qxd2 (19... Qxb2 20. Ndc4 {and the queen is trapped.}) 20.
Nxg6 $44 {with good compensation for the pawn.}) 17... Nf4 18. Nf1 Be6 (18...
d5 $5 {is also possible,} 19. e5 N6h5 $13 {and Black's knights are strong on
the kingside.}) 19. d5 Bd7 20. Bb2 Bc5 21. Bd4 Bxd4 22. Nxd4 Rb8 23. Nc6 {
White changes the structure.} ({The solid} 23. Rc3 {kept the tension and
continued the pressure on c7.}) 23... Bxc6 24. dxc6 (24. Qxc6 $2 {is bad,
because of} Rxb3 $1 25. Rxb3 Ne2+ 26. Kh2 Nd4 27. Qc3 Nxb3 28. Qxb3 Nxe4 $17 {
and Black is a clear pawn up.}) 24... Qe7 (24... Re8 $5) 25. Rae1 Qe5 26. Nd2
Rfe8 27. Nf3 Qc5 $1 {The right move!} 28. Qxc5 $6 {After this exchange Black's
pawn structure seems weak. On the other hand, just the black c-pawn will be
strong, and the white pawns c6 and a4 are weaker.} ({White should have played} 
28. Qd2 $1 {to keep the queens, for example:} Rb4 29. e5 dxe5 30. Qa2 $132 {
with a complicated position.}) 28... dxc5 29. e5 N6d5 30. Bxd5 Nxd5 31. Rd3 Nf4
32. Rc3 $6 {Too passive.} (32. Rd7 {would be better,} Ne6 33. Nd2 {and still
White has some chances to survive.}) 32... Red8 $1 {Now both black rooks gain
the opened files.} 33. g3 (33. Rxc5 $2 Nd3 $19) 33... Ne6 ({The greedy} 33...
Nxh3+ $2 {is a mistake, as} 34. Kg2 Ng5 35. Nxg5 hxg5 36. Rxc5 $14 {and now
Black has to fight for the draw.}) 34. Rc2 Rb4 35. Ra1 Rd3 36. Ne1 Rd5 37. Rca2
(37. f4 Rb3 38. Kf2 g5 $19 {and White will lose some of his pawns.}) 37... c4
38. Nc2 Rb3 39. Ne3 Rc5 40. Rd1 c3 41. Kg2 Rxc6 42. Rc2 Rb2 43. Rxb2 cxb2 44.
Rb1 Rb6 45. Nd1 (45. Nc4 $2 {could have been met by} Rb4 46. Nxb2 c5 $19 {
followed by ...c4-c3.}) 45... Rb4 46. Rxb2 Rxa4 47. f4 Rb4 48. Ra2 ({In the
event of} 48. Rc2 a4 49. f5 Nd4 50. Rxc7 Nxf5 $19 {should be winning too.})
48... a4 49. Nc3 Nc5 50. Nd5 Rb3 $1 $19 {The most accurate move, Black is
already winning.} 51. Rc2 (51. Nxc7 a3 52. Nd5 Ne4 $19 {is also hopeless for
White.}) 51... Ne4 52. Rc4 Rb2+ 53. Kg1 a3 $1 54. Rxe4 a2 55. Ra4 c5 $1 {
Black doesn't have to hurry with ...Rb1, so first he saves his c-pawn.} 56.
Ra8+ Kh7 57. f5 Rb1+ 58. Kf2 a1=Q 59. Rxa1 Rxa1 60. e6 fxe6 61. fxe6 Kg8 62. h4
Rd1 63. Nb6 Kf8 64. Nd7+ Rxd7 65. exd7 Ke7 {Nice victory by Giri!} 0-1

[Event "Gibraltar Masters 14th"]
[Site "Caleta"]
[Date "2016.01.31"]
[Round "6"]
[White "Vachier Lagrave, Maxime"]
[Black "Jones, Gawain C B"]
[Result "1-0"]
[WhiteElo "2785"]
[BlackElo "2625"]
[Annotator "Szabo,Kr"]
[PlyCount "119"]
[EventDate "2016.01.26"]
[EventType "swiss"]
[EventRounds "10"]
[EventCountry "GGB"]
[SourceTitle "CBM 171"]
[Source "ChessBase"]
[SourceDate "2016.03.14"]
[SourceVersion "2"]
[SourceVersionDate "2016.03.14"]
[SourceQuality "1"]

1. e4 e5 2. Nf3 Nc6 3. Bb5 a6 4. Ba4 Nf6 5. O-O Bc5 6. c3 b5 7. Bc2 d5 8. d4
dxe4 9. Nbd2 $5 {What a smart reply!} (9. dxe5 {has also been played by
Svidler,} Qxd1 10. Rxd1 exf3 11. exf6 gxf6 12. Be4 Bd7 13. a4 O-O-O 14. axb5
Ne5 15. Bf4 Bxb5 $132 {Svidler-Topalov, Khanty-Mansiysk 2014, with a
double-edged fight.}) ({Nevertheless} 9. Nxe5 {is the most common continuation.
}) 9... exf3 10. Qxf3 Be7 11. Qxc6+ Bd7 12. Qf3 exd4 13. Ne4 O-O 14. Rd1 Re8 $1
$146 {An improvement by Jones!} (14... Nxe4 15. Bxe4 Ra7 16. Bf4 (16. cxd4 $5)
16... dxc3 17. Qxc3 c5 18. Rd3 Qb6 19. Re1 Bf6 20. Qc2 $44 {Nijboer-Holzke,
Wijk aan Zee 2009, with strong pressure for the P.}) (14... c5 15. Bg5 (15.
cxd4 c4 $13) 15... Rc8 (15... Re8 $5) 16. b4 $1 Nd5 17. Nxc5 Bxg5 18. Qxd5 Bc6
19. Qxd4 Qxd4 20. Rxd4 Bf6 21. Rd3 Rfe8 $44 {Bobras-Carlstedt, Trier 2016, and
White looks more comfortable, but Black should hold with his B pair.}) 15. Rxd4
c5 16. Rd1 Qc8 17. Qd3 Nxe4 ({Probably} 17... g6 $5 {was more accurate} 18. Nd6
Bxd6 19. Qxd6 Re6 20. Qf4 Bc6 {and it is not easy to finish the development
for White.}) 18. Qxd7 Qxd7 19. Rxd7 Nf6 20. Rd1 c4 21. Bf4 Bc5 22. Kf1 $14 {
The position is very comfortable for White, because he has two Bs and the Ps
are on both sides of the board. It will be a long torture for Black.} a5 ({
The natural} 22... h6 {was the alternative} 23. a4 $14 {and White is slightly
better.}) 23. Re1 Rxe1+ 24. Rxe1 Kf8 25. Bd1 $1 {A good B manoeuvre, he would
like to transfer his B to f3, from where it is more powerful.} Re8 26. Bf3 b4 (
26... Rxe1+ 27. Kxe1 Ke7 28. Bc7 a4 29. Bc6 {is also unpleasant for Black!})
27. Rc1 $1 {A very deep move. White avoids the exchange of Rs; moreover the
c4-P becomes weak.} bxc3 28. Rxc3 Bb4 29. Rc1 ({Of course} 29. Rxc4 $4 {
does not work because of} Re1# {mate!}) 29... Ne4 $1 {Black also tries to
activate his pieces.} 30. Rc2 $1 {The correct reply!} ({The greedy} 30. Rxc4 {
could have been met by} Nd2+ 31. Bxd2 Bxd2 {and with opposite coloured Bs,
there is more of a chance for Black to survive.}) 30... a4 31. Be3 f5 32. g3
Rc8 33. Be2 Nd6 34. a3 Ba5 35. Bf4 Ke7 36. Bd1 $1 {Now the a4-P is the main
weakness.} c3 37. bxc3 {The natural human reaction.} ({However} 37. Re2+ $1 {
was more accurate} Ne4 38. Bxa4 Kf6 39. Be3 Nd2+ 40. Kg2 $16 {and White is
better.}) 37... Ne4 38. c4 Nc3 39. Be2 Nxe2 40. Kxe2 {Suddenly the position is
changed a bit. Black could exchange his N for the light-squared B, but White
is a P up.} Bb6 41. Rb2 Bc5 42. Rb7+ Ke6 43. Bc1 Be7 44. Rb6+ Kf7 $6 {This is
an inaccuracy.} ({The K should come to} 44... Kd7 {, because it should control
the c-P, for example:} 45. Kd3 Bc5 46. Rb7+ Rc7 {and still this endgame is not
easy.}) 45. Kd3 Rd8+ 46. Kc3 Rd1 47. Be3 $1 {A very nice move! White
sacrifices the a3-P, because he activates his B; moreover he will win the a4-P
too.} Bxa3 48. Ra6 Be7 49. c5 (49. Rxa4 {was also good, but I also prefer the
text move.}) 49... g5 $6 (49... Bf6+ 50. Kc4 Ra1 {was tougher, Black doesn't
give up the P so easily. However} 51. Kb4 Rb1+ 52. Kxa4 $18 {should also be
winning for White.}) 50. Rxa4 $18 {White is a healthy passed P up and Black
can't stop it.} Rd8 51. Kc4 h5 52. Ra7 Rg8 53. Kd5 Rd8+ 54. Ke5 f4 55. gxf4
gxf4 56. Bxf4 Rc8 57. Be3 Ke8 58. Kd5 Kf7 59. c6 Rd8+ 60. Ke5 {Very nice
technique by Vachier Lagrave!} 1-0

[Event "Oakham GM"]
[Site "Oakham"]
[Date "2001.03.29"]
[Round "1"]
[White "Krush, Irina"]
[Black "Estrada Nieto, Julian"]
[Result "1-0"]
[WhiteElo "2380"]
[BlackElo "2370"]
[Annotator "Tyomkin,D"]
[PlyCount "43"]
[EventDate "2001.03.29"]
[EventType "tourn"]
[EventRounds "9"]
[EventCountry "ENG"]
[EventCategory "7"]
[SourceTitle "CBM 082 Extra"]
[Source "ChessBase"]
[SourceDate "2001.07.03"]
[SourceVersion "1"]
[SourceVersionDate "2001.07.03"]
[SourceQuality "1"]

1. e4 e5 2. Nf3 Nc6 3. Bb5 a6 4. Ba4 Nf6 5. O-O b5 6. Bb3 Bc5 7. c3 d6 8. a4
Bb7 9. d4 Bb6 10. Re1 O-O 11. Bg5 h6 12. Bh4 g5 13. Nxg5 hxg5 14. Bxg5 exd4 15.
Bd5 $1 {Strong theoretical novelty.} Kg7 16. cxd4 Qd7 17. Ra3 $1 {White is
transfering the rook to the attack through the 3rd rank.} Nh7 (17... Nxd5 18.
Rg3 $1 $18 {and white wins immediatly.}) 18. Rg3 Kh8 (18... Nxg5 19. Rxg5+ Kf6
{black isn't losing immediatly here, but whites attack is pretty strong.}) 19.
Qh5 Bxd4 $4 {Missing the only defence.} (19... f5 $1 {and white doesn't have
clear way to decide the game.}) 20. e5 $3 {The final breakthrough. The idea is
to set free e4-square for the bishop.} Bxe5 ({The same defensive idea didn't
helped here:} 20... f5 21. Bf6+ Rxf6 22. exf6 Bxf6 23. Qg6 $1 $18 {/\Qg8}) 21.
Bf6+ $3 {Blocking the f-pawn.} Bxf6 22. Be4 {Black doesn't have a way to
prevent the checkmate on h7.} 1-0

[Event "Biel"]
[Site "Biel"]
[Date "1995.??.??"]
[Round "10"]
[White "Timman, Jan H"]
[Black "Tkachiev, Vladislav"]
[Result "1/2-1/2"]
[WhiteElo "2590"]
[BlackElo "2605"]
[Annotator "Wedberg,T"]
[PlyCount "76"]
[EventDate "1995.07.??"]
[EventType "tourn"]
[EventRounds "13"]
[EventCountry "SUI"]
[EventCategory "15"]
[SourceTitle "CBM 049"]
[Source "ChessBase"]
[SourceDate "1995.12.01"]
[SourceVersion "1"]
[SourceVersionDate "1995.12.01"]
[SourceQuality "1"]

1. e4 {Donev} e5 2. Nf3 Nc6 3. Bb5 a6 4. Ba4 Nf6 5. O-O b5 6. Bb3 Bc5 7. Nxe5
Nxe5 8. d4 Bxd4 9. Qxd4 d6 10. f4 Nc6 {N} (10... c5) 11. Qd3 Bb7 12. Re1 Na5 (
12... O-O 13. c3 $14) 13. e5 dxe5 14. Rxe5+ Kf8 15. Qxd8+ Rxd8 16. Bd2 Nc6 17.
Re1 h5 18. Be3 Nd4 19. Nc3 Nxb3 20. axb3 h4 21. Rad1 (21. Bc5+ Kg8 22. Re7 $2
Rd2 $19) 21... Rxd1 22. Rxd1 Rh5 $10 23. Rd8+ Ke7 24. Rb8 Bc6 25. Rc8 Kd7 26.
Rf8 Ne8 27. b4 (27. Rxf7+ $4 Ke6 28. Rf8 Ke7 29. Rg8 Kf7 $19) 27... f6 28. Bc5
Bd5 29. Nxd5 Rxd5 30. Rf7+ Kd8 31. Bf8 Rd2 32. c3 Rxb2 33. Bxg7 Nxg7 34. Rxg7
Rc2 35. Rg8+ {Donev: Eine seltener Fall- Dauerschach im reine Turmendspiel.}
Ke7 36. Rg7+ {Der schwarze König muß den c7-Bauern decken.} Kd8 (36... Kd6 {
Donev} 37. Rf7 Rxc3 38. Rxf6+ $10 {Donev: Weiß hat genug Gegenspiel.}) 37. Rg8+
(37. Rf7 {Donev: Dieser Zug wäre besser, wenn der König auf d6 stünde, weil
dann der weiße Turm auf f6 mit Schach geschlagen werden könnte.} Rxc3 38. Rxf6
Rc4 $15) 37... Ke7 38. Rg7+ Kd8 {Dauerschach.} 1/2-1/2